000
002450000a22000970004500
100
1
_a
Powell, David R.
245
1
0
_a
íYo soy el zapatero!
300
_a
Vol. 53, Núm 238 (1998), Páginas 9-11
773
0
_t
La Biblia de las Américas
942
_c
ANA
999
_c
51508
_d
51508